000 00782nam a2200277 a 4500
001 10130
003 CO-ViMGA
008 141112s2004 ck r 000 u spa d
020 _a8480130679
040 _aCO-ViMGA
_bspa
_cCO-ViMGA
082 0 4 _a612.98 E74
100 1 _aEscobar, Eduardo
_954304
245 1 0 _aLa Rodilla en el Deporte
260 _aMadrid :
_bEditorial Gymnos,
_c1997
300 _a255p.
650 1 4 _aANATOMIA DE LA RODILLA
_912955
650 1 4 _aLA ARTROSCOPIA
_912956
650 1 4 _aLESIONES CARTILAGINOSAS
_912957
650 1 4 _aLESIONES MUSCULARES
_912958
650 1 4 _aLIGAMENTOS
_912959
650 1 4 _aMENISCOS
_912960
650 1 4 _aMENISCOS ANORMALES
_912961
650 1 4 _aPATOLOGIA DE LA ROTULA
_912962
650 1 4 _aTENDINITIS
_912963
942 _2ddc
_cBK
999 _c21503
_d21503